[Event "Reykjavik Open 2026"]
[Site "Reykjavik"]
[Date "2026.03.30"]
[Round "8.73"]
[White "Johannsson, Markus Orri"]
[Black "Sorensen, Per Settergren"]
[Result "1-0"]
[WhiteElo "1900"]
[WhiteFideId "2318539"]
[BlackElo "2110"]
[BlackFideId "1413872"]
[Variant "Standard"]

1. e4 c5 2. Nf3 e6 3. d4 cxd4 4. Nxd4 a6 5. c4 Nf6 6. Nc3 Qc7 7. Be2 Be7 8. Be3 d6 9. O-O O-O 10. Rc1 b6 11. f4 Bb7 12. Bf3 Nbd7 13. b4 Rac8 14. f5 e5 15. Nb3 Qb8 16. Qe2 Qa8 17. Nd2 h6 18. h4 Nh7 19. Qf2 Bd8 20. g4 f6 21. Nd5 Bxd5 22. exd5 Qb7 23. Ne4 Be7 24. c5 bxc5 25. bxc5 Qa8 26. c6 Nb8 27. Rb1 Nxc6 28. dxc6 d5 29. Nc3 d4 30. Nd5 Bc5 31. Bd2 e4 32. Bxe4 Rfe8 33. Qg2 Rxe4 34. Qxe4 Re8 35. Qf3 Qd8 36. c7 d3+ 37. Be3 Qd6 38. Bxc5 Qxc5+ 39. Kh1 Qd6 40. Rb6 Qe5 41. Re6 1-0

[Event "Reykjavik Open 2026"]
[Site "Reykjavik"]
[Date "2026.03.30"]
[Round "8.74"]
[White "Karason, Askell O"]
[Black "Van Meurs, Rob"]
[Result "1/2-1/2"]
[WhiteElo "2109"]
[WhiteFideId "2300567"]
[BlackElo "1964"]
[BlackFideId "1012932"]
[Variant "Standard"]

1. d4 Nf6 2. c4 c5 3. d5 b5 4. cxb5 a6 5. e3 d6 6. Nc3 g6 7. a4 Bg7 8. Nf3 O-O 9. e4 Nbd7 10. Bg5 h6 11. Bd2 Ne8 12. Be2 Kh7 13. O-O axb5 14. axb5 Rxa1 15. Qxa1 Qb6 16. Be3 Qb8 17. Qa5 Nc7 18. Na4 f5 19. b6 Na8 20. exf5 gxf5 21. b4 Naxb6 22. bxc5 Nxa4 23. Qxa4 Nxc5 24. Qh4 Qb7 25. Bc4 Ne4 26. Ng5+ 1/2-1/2

[Event "Reykjavik Open 2026"]
[Site "Reykjavik"]
[Date "2026.03.30"]
[Round "8.75"]
[White "Heidarsson, Arnar Milutin"]
[Black "Braak, Richard"]
[Result "1/2-1/2"]
[WhiteElo "2099"]
[WhiteFideId "2312875"]
[BlackElo "1955"]
[BlackFideId "24626422"]
[Variant "Standard"]

1. d4 Nf6 2. c4 e6 3. Nc3 Bb4 4. e3 O-O 5. Bd3 d5 6. a3 Bxc3+ 7. bxc3 dxc4 8. Bxc4 c5 9. Ne2 Qc7 10. Bd3 b6 11. O-O Ba6 12. e4 Bxd3 13. Qxd3 cxd4 14. cxd4 Rd8 15. Bg5 Nbd7 16. e5 h6 17. Bh4 g5 18. Rac1 Qb7 19. exf6 gxh4 20. Qe3 Kh7 21. Nf4 Nxf6 22. Qe5 Qe7 23. Rc7 Nd7 24. Qe4+ Kh8 25. Nh5 Qg5 26. Nf4 Nf6 27. Qf3 Rf8 28. Rxf7 Rxf7 29. Qxa8+ Kh7 30. Nxe6 Qg4 31. Re1 Qf5 32. Qc6 Ng4 33. f3 h3 34. Qe4 Qxe4 35. fxe4 Rf6 36. gxh3 Ne5 37. dxe5 Rxe6 38. Kf2 Rxe5 39. Kf3 Ra5 40. Re3 Kg6 41. Kf4 Kf6 42. Rd3 Ke6 43. Rg3 Kf6 44. Rc3 h5 45. h4 Ke6 46. Rg3 Ra4 47. Rc3 Ra5 48. Rc6+ Kd7 49. Rh6 Ke7 50. e5 Rxa3 51. Rxh5 Ra2 52. Rh7+ Ke6 53. Rh6+ Ke7 54. h3 Rf2+ 55. Kg3 Re2 56. Rh7+ Ke6 57. Rxa7 Rxe5 58. Kg4 Kf6 59. Rb7 Rb5 60. Rb8 Kg6 61. h5+ Kh6 62. Rh8+ Kg7 63. Rc8 Rb4+ 64. Kg5 Rb5+ 65. Kg4 1/2-1/2

[Event "Reykjavik Open 2026"]
[Site "Reykjavik"]
[Date "2026.03.30"]
[Round "8.76"]
[White "Skarphedinsson, Ingvar Wu"]
[Black "Davidsson, Oskar Vikingur"]
[Result "0-1"]
[WhiteElo "2099"]
[WhiteFideId "2316943"]
[BlackElo "1933"]
[BlackFideId "2310627"]
[Variant "Standard"]

1. d4 d5 2. c4 e6 3. Nc3 c6 4. Nf3 dxc4 5. a4 Bb4 6. Bd2 a5 7. Qc2 Nf6 8. e3 b5 9. axb5 Bxc3 10. Qxc3 cxb5 11. Rxa5 Nd5 12. Rxa8 Nxc3 13. Rxb8 Qc7 14. Rxc8+ Qxc8 15. bxc3 Qa6 16. Be2 Qa1+ 17. Bd1 b4 18. O-O bxc3 19. Bc1 O-O 20. Be2 Rb8 21. Bxc4 Rb1 22. Bd2 c2 23. g3 Rxf1+ 24. Bxf1 Qd1 25. Kg2 g5 26. g4 h5 27. h3 hxg4 28. hxg4 f5 29. Bc4 Kf7 30. Bb3 Kf6 31. Ba5 fxg4 32. Bd8+ Kf5 33. Nxg5 c1=Q 34. e4+ Kf4 35. Nxe6+ Kxe4 36. Bxd1 Qxd1 37. Ng5+ Kf5 38. Nf7 Qxd4 39. Nh6+ Kg6 40. Nxg4 Qxg4+ 41. Kh2 Qf4+ 42. Kg1 Kf5 43. Kg2 Kg4 44. Bb6 Qf3+ 45. Kf1 Qd1+ 46. Kg2 Qd5+ 47. Kg1 Kf3 48. Be3 Qd1+ 49. Kh2 Qf1 50. Bd4 Qg2# 0-1

[Event "Reykjavik Open 2026"]
[Site "Reykjavik"]
[Date "2026.03.30"]
[Round "8.77"]
[White "Jakubek, Peter"]
[Black "Damen, Josephine"]
[Result "1/2-1/2"]
[WhiteElo "2098"]
[WhiteFideId "14901048"]
[BlackElo "1928"]
[BlackFideId "1074369"]
[Variant "Standard"]

1. Nf3 Nf6 2. b3 g6 3. Bb2 Bg7 4. e3 O-O 5. d4 d6 6. Nbd2 Nbd7 7. Be2 e5 8. dxe5 Ng4 9. Nc4 Ngxe5 10. Nfxe5 Nxe5 11. Nxe5 Bxe5 12. Bxe5 dxe5 13. O-O Bf5 14. Qc1 Qe7 15. Qb2 Qc5 16. c4 f6 17. Rfd1 Rfd8 18. h3 Qe7 19. Qc3 Qc5 20. Rd2 a5 21. Rad1 Rxd2 22. Qxd2 c6 23. Bg4 Bxg4 24. hxg4 Kf7 25. e4 Qe7 26. Qd3 Ke8 27. Qe3 Rd8 28. Rxd8+ Qxd8 1/2-1/2

[Event "Reykjavik Open 2026"]
[Site "Reykjavik"]
[Date "2026.03.30"]
[Round "8.78"]
[White "Stolyarov, Alan"]
[Black "Erdmann, Stefan"]
[Result "0-1"]
[WhiteElo "1890"]
[WhiteFideId "30906008"]
[BlackElo "2097"]
[BlackFideId "4663470"]
[Variant "Standard"]

1. d4 d5 2. c4 c6 3. cxd5 cxd5 4. Bg5 h6 5. Bh4 Qb6 6. Nc3 e6 7. Qd2 Ne7 8. f3 Nbc6 9. Bf2 g6 10. e4 Bg7 11. Rd1 Bd7 12. Nge2 O-O 13. Be3 Kh7 14. Nf4 Qa5 15. Nfe2 e5 16. exd5 Nxd4 17. Nxd4 exd4 18. Bxd4 Bxd4 19. Qxd4 Nf5 20. Qd2 Rfe8+ 21. Ne4 Qb6 22. Qf2 Ne3 23. Rd3 Nxf1 24. Qxb6 axb6 25. Kf2 Kg7 26. Rb3 Rxe4 27. fxe4 Nd2 28. Rb4 b5 29. Ke3 Nc4+ 30. Kd4 Rxa2 31. Rb1 b6 32. b3 Na3 33. Ke5 Nxb1 34. Kd6 Ra7 35. e5 Be8 36. e6 fxe6 37. dxe6 Nd2 38. h3 g5 39. h4 Kf6 40. hxg5+ hxg5 41. Rd4 Nxb3 42. Rd3 Nc5 43. Rf3+ Kg7 44. Rf5 Nxe6 45. Kxe6 Bd7+ 0-1

[Event "Reykjavik Open 2026"]
[Site "Reykjavik"]
[Date "2026.03.30"]
[Round "8.79"]
[White "Todmunkh, Turbat"]
[Black "Marsh, James J"]
[Result "0-1"]
[WhiteElo "1880"]
[WhiteFideId "4925084"]
[BlackElo "2096"]
[BlackFideId "30975751"]
[Variant "Standard"]

1. e4 e5 2. Nf3 Nc6 3. Nc3 Nf6 4. a3 d5 5. Bb5 Nxe4 6. Qe2 Qd6 7. Nxd5 Qxd5 8. c4 Qe6 9. Qxe4 Bd7 10. O-O Bd6 11. Re1 a6 12. Ba4 O-O 13. b4 f5 14. Qd5 e4 15. Bb2 Qxd5 16. cxd5 Nb8 17. Bxd7 Nxd7 18. Ng5 Nb6 19. Ne6 Rf7 20. g4 g6 21. Ng5 Rd7 22. gxf5 gxf5 23. Kh1 h6 24. Ne6 Nxd5 25. Rg1+ Kh7 26. Rg2 Rg8 27. Rxg8 Kxg8 28. Rg1+ Kh7 29. Ng7 f4 30. Ne6 Nb6 31. Ng7 Rf7 32. Nh5 Nd7 33. Rg4 Ne5 34. Rxf4 Rxf4 35. Nxf4 Nc4 36. Nd5 Nxb2 37. Nf6+ Kg6 38. Nxe4 Kf5 39. Nc3 Nc4 40. Nb1 Ke4 41. Kg2 Be5 42. f4 Bb2 43. a4 Na3 44. Nc3+ Bxc3 45. dxc3 Kxf4 46. Kf2 h5 { White resigned. } 0-1

[Event "Reykjavik Open 2026"]
[Site "Reykjavik"]
[Date "2026.03.30"]
[Round "8.80"]
[White "Zhu, Yilun"]
[Black "Broihier, Ian"]
[Result "1-0"]
[WhiteElo "2087"]
[WhiteFideId "8609292"]
[BlackElo "1922"]
[BlackFideId "39902773"]
[Variant "Standard"]

1. Nf3 d5 2. e3 Nf6 3. c4 dxc4 4. Bxc4 e6 5. O-O a6 6. Qe2 b5 7. Bb3 Bb7 8. a4 Nbd7 9. d4 c5 10. Rd1 Qc7 11. axb5 axb5 12. Rxa8+ Bxa8 13. Na3 b4 14. Nb5 Qb7 15. e4 Qxe4 16. Be3 Bc6 17. Nc7+ Kd8 18. Na6 Qg4 19. dxc5 Bxf3 20. Qxf3 Qxf3 21. gxf3 Kc8 22. Nxb4 Be7 23. Ra1 Rd8 24. Nc6 Bxc5 25. Nxd8 Kxd8 26. Bf4 h6 27. Bc2 Nb6 28. Be5 Nbd5 29. Be4 g5 30. Rd1 Ke7 31. Rc1 Nd7 32. Bxd5 exd5 33. Bc3 d4 34. Ba5 Kd6 35. b4 Ba7 36. Kf1 d3 37. Rc3 Ne5 38. Bc7+ 1-0

[Event "Reykjavik Open 2026"]
[Site "Reykjavik"]
[Date "2026.03.30"]
[Round "8.81"]
[White "Kamp, Aaron"]
[Black "Bartlett, Aiden Emerson"]
[Result "1-0"]
[WhiteElo "2069"]
[WhiteFideId "16231120"]
[BlackElo "1919"]
[BlackFideId "39922405"]
[Variant "Standard"]

1. e4 e5 2. d4 exd4 3. Qxd4 Nc6 4. Qe3 Nf6 5. Bd2 Be7 6. Nc3 d5 7. Nxd5 Nxd5 8. exd5 Qxd5 9. Ne2 Qe5 10. Bc3 Qxe3 11. fxe3 O-O 12. O-O-O Bg4 13. h3 Bh5 14. g4 Bg6 15. Bg2 Rfe8 16. Nf4 Bc5 17. Bd4 Bxd4 18. exd4 Be4 19. c3 Bxg2 20. Nxg2 Re4 21. Rde1 Rae8 22. Rxe4 Rxe4 23. Kd2 Ne7 24. Kd3 Re6 25. Nf4 Rf6 26. Re1 Kf8 27. Re4 g5 28. Rxe7 gxf4 29. Re2 Kg7 30. Rf2 Kg6 31. h4 h5 32. g5 Ra6 33. Rxf4 Rxa2 34. Rf6+ Kg7 35. Kc2 Ra1 36. Rh6 Re1 37. Rxh5 Re6 38. Kd3 c6 39. Rh6 Rxh6 40. gxh6+ Kxh6 41. c4 Kh5 42. d5 Kxh4 43. d6 f5 44. d7 f4 45. d8=Q+ Kg3 46. Qg5+ Kf3 47. Qh5+ Kg2 48. Ke4 1-0

[Event "Reykjavik Open 2026"]
[Site "Reykjavik"]
[Date "2026.03.30"]
[Round "8.82"]
[White "Dimitrijevic, Aleksandra"]
[Black "Matsunaga, Toma"]
[Result "0-1"]
[WhiteElo "2063"]
[WhiteFideId "929239"]
[BlackElo "1900"]
[BlackFideId "7005512"]
[Variant "Standard"]

1. d4 d5 2. c4 c6 3. Nf3 Nf6 4. Nc3 e6 5. cxd5 exd5 6. Bg5 Bf5 7. e3 Nbd7 8. Bd3 Bxd3 9. Qxd3 Be7 10. O-O O-O 11. Rab1 a5 12. a3 Ne4 13. Bxe7 Qxe7 14. Ne2 Nd6 15. Nd2 b5 16. b3 a4 17. Rfc1 Rfc8 18. bxa4 Rxa4 19. Nc3 Raa8 20. a4 bxa4 21. Rb4 a3 22. Na2 Nf6 23. f3 g6 24. Rb6 Qe8 25. h3 Nd7 26. Rb3 c5 27. Rbb1 c4 28. Qc3 Qe6 29. Re1 f5 30. Qc2 Nf6 31. Nc3 Qe7 32. Kh1 Qa7 33. Ra1 Re8 34. Ndb1 f4 35. Rxa3 Qb7 36. Rxa8 Qxa8 37. Qd2 fxe3 38. Rxe3 Nf5 39. Re1 Qb8 40. Rxe8+ Qxe8 41. g4 Nh4 42. g5 Qe6 43. Qe2 Qxh3+ 44. Kg1 Nxf3+ 45. Kf2 Ng4# 0-1

[Event "Reykjavik Open 2026"]
[Site "Reykjavik"]
[Date "2026.03.30"]
[Round "8.83"]
[White "Schulz, Jannis"]
[Black "Lu, Karson"]
[Result "1/2-1/2"]
[WhiteElo "2063"]
[WhiteFideId "16224710"]
[BlackElo "1827"]
[BlackFideId "2661756"]
[Variant "Standard"]

1. d4 d5 2. Bf4 Nf6 3. e3 c5 4. c3 Nc6 5. Nf3 c4 6. Nbd2 b5 7. Ne5 Bb7 8. b3 e6 9. Be2 Bd6 10. Nxc6 Bxc6 11. Bxd6 Qxd6 12. O-O O-O 13. Bf3 Rfc8 14. Re1 cxb3 15. axb3 a5 16. Qb1 Qd8 17. h3 Rab8 18. Qa2 Ra8 19. Rec1 a4 20. bxa4 Rxa4 21. Qb2 Rca8 22. Bd1 Rxa1 23. Rxa1 Nd7 24. Be2 h6 25. Ra3 Nb6 26. Rxa8 Nxa8 27. Qb4 Qd7 28. Nb3 Nb6 29. Nc5 Qe8 30. Qa5 Na4 31. Na6 Qa8 32. Bxb5 Bxb5 33. Qxb5 Nxc3 34. Qb6 Ne4 35. f3 Nd2 36. Kf2 Qc8 37. Qb8 Qxb8 38. Nxb8 f6 39. Nc6 Kf7 40. Na5 Nb1 41. Ke2 e5 42. Kd3 Na3 43. Nb7 Nb5 44. Nc5 Nd6 45. Na6 Nb5 46. Nb4 Ke6 47. Na6 Kd6 48. Nc5 h5 49. h4 Ke7 50. g4 g6 51. Nb3 Nd6 52. Nd2 Ke6 53. Nf1 e4+ 54. Ke2 exf3+ 55. Kxf3 hxg4+ 56. Kxg4 Nf5 57. h5 Nh6+ 58. Kh4 g5+ 59. Kg3 f5 60. Kf3 Kf6 61. Ng3 Nf7 62. Ne2 Ke6 63. Ng3 Nh6 64. Ne2 Ng4 65. Ng3 Kf6 66. e4 dxe4+ 67. Nxe4+ Kg7 68. Nxg5 Kh6 69. Kf4 Kxh5 70. Kxf5 Ne3+ 71. Kf6 Ng4+ 72. Kf5 Ne3+ 73. Ke4 Kxg5 74. Kxe3 Kf5 75. Kd3 Ke6 76. Kc4 Kd6 77. d5 Kd7 78. Kc5 Kc7 79. d6+ Kd7 80. Kd5 Kd8 1/2-1/2

[Event "Reykjavik Open 2026"]
[Site "Reykjavik"]
[Date "2026.03.30"]
[Round "8.85"]
[White "Mensing, Adrian"]
[Black "Zhou, Abigail"]
[Result "0-1"]
[WhiteElo "2044"]
[WhiteFideId "1043293"]
[BlackElo "1771"]
[BlackFideId "39922081"]
[Variant "Standard"]

1. d4 d5 2. Nc3 Nf6 3. Bf4 c6 4. e3 Bf5 5. f3 e6 6. g4 Bg6 7. h4 h5 8. g5 Nfd7 9. Nh3 Bb4 10. Qd2 Qa5 11. Bh2 Nb6 12. a3 N8d7 13. Nf4 Bf5 14. g6 f6 15. Bd3 Bxd3 16. cxd3 Nf8 17. O-O Rh6 18. e4 O-O-O 19. Rfc1 dxe4 20. fxe4 e5 21. dxe5 fxe5 22. Nfd5 Rxg6+ 23. Kh1 Nxd5 24. exd5 Bxc3 0-1

[Event "Reykjavik Open 2026"]
[Site "Reykjavik"]
[Date "2026.03.30"]
[Round "8.86"]
[White "Jonsson, Thormar"]
[Black "Dijkstra, Matthijs"]
[Result "0-1"]
[WhiteElo "1719"]
[WhiteFideId "2309327"]
[BlackElo "2032"]
[BlackFideId "1046985"]
[Variant "Standard"]

1. e4 c6 2. d4 d5 3. e5 c5 4. c3 Nc6 5. Nf3 Bg4 6. Be2 e6 7. O-O Nge7 8. Bg5 Bxf3 9. Bxf3 cxd4 10. cxd4 Qb6 11. Be3 Nf5 12. Nc3 Ncxd4 13. Qa4+ Qc6 14. Bd1 b5 15. Qa5 Bc5 16. Bf4 Bb6 17. Qa6 O-O 18. Rc1 Ne2+ 19. Kh1 Nxc1 20. Bxc1 Rfc8 0-1

[Event "Reykjavik Open 2026"]
[Site "Reykjavik"]
[Date "2026.03.30"]
[Round "8.88"]
[White "Hill, Andy"]
[Black "Bedard, Maxime"]
[Result "1-0"]
[WhiteElo "2030"]
[WhiteFideId "499927"]
[BlackElo "1768"]
[BlackFideId "2632896"]
[Variant "Standard"]

1. Nf3 Nf6 2. d4 e6 3. e3 b6 4. Bd3 Bb7 5. O-O d5 6. b3 Bd6 7. Bb2 Nbd7 8. Nbd2 O-O 9. a3 c5 10. Ne5 cxd4 11. exd4 Qc7 12. Qe2 Rad8 13. f4 Rfe8 14. Rf3 Ne4 15. Nxe4 dxe4 16. Bxe4 Bxe4 17. Qxe4 f5 18. Qe2 Bxe5 19. fxe5 Nb8 20. c4 Rd7 21. Rd1 Red8 22. Rfd3 g6 23. Qe3 Na6 24. h4 Qb7 25. Qg3 b5 26. Bc3 b4 27. axb4 Nxb4 28. R3d2 Na6 29. Ba5 Rf8 30. b4 f4 31. Qf3 Rf5 32. Qxb7 Rxb7 33. b5 Nb8 34. Kf2 Rh5 35. Bd8 Nd7 36. Ra2 Rb8 37. Be7 Rb7 38. Bc5 Nxc5 39. dxc5 Rc7 40. c6 Rf5 41. Rd7 Rf7 42. Rxc7 Rxc7 43. Kf3 Kf7 44. Kxf4 h6 45. Ke4 Kf8 46. Kd4 Ke7 47. Kc5 1-0

[Event "Reykjavik Open 2026"]
[Site "Reykjavik"]
[Date "2026.03.30"]
[Round "8.89"]
[White "Unuk, Laura"]
[Black "Nishida, Eito"]
[Result "1-0"]
[WhiteElo "2314"]
[WhiteFideId "14609215"]
[BlackElo "1587"]
[BlackFideId "7006357"]
[Variant "Standard"]

1. Nf3 Nf6 2. g3 c5 3. Bg2 Nc6 4. O-O e6 5. c4 d5 6. cxd5 Nxd5 7. d3 Be7 8. Nc3 O-O 9. a3 b6 10. Ne4 Bb7 11. Qc2 Rc8 12. e3 Qc7 13. Rd1 Rfd8 14. b3 h6 15. Bb2 Bf8 16. Rac1 Qb8 17. Ba1 Rd7 18. Qb2 Rcd8 19. Ne1 Rc8 20. Nc2 Rcd8 21. Ne1 Rc8 22. Rd2 Rcd8 23. Rcd1 Ba8 24. Nf3 Bb7 25. g4 f5 26. gxf5 exf5 27. Ng3 f4 28. Nf5 fxe3 29. fxe3 Rf7 30. Nxh6+ 1-0

[Event "Reykjavik Open 2026"]
[Site "Reykjavik"]
[Date "2026.03.30"]
[Round "8.90"]
[White "Vemparala, Nikash"]
[Black "Andersson, Mitchell"]
[Result "1-0"]
[WhiteElo "2201"]
[WhiteFideId "30960967"]
[BlackElo "1905"]
[BlackFideId "1765817"]
[Variant "Standard"]

1. c4 c6 2. Nf3 d5 3. e3 Nf6 4. Nc3 a6 5. b3 Bf5 6. Bb2 e6 7. Be2 Bd6 8. Nh4 Bg6 9. d4 Nbd7 10. Nxg6 hxg6 11. h3 b5 12. Qc2 O-O 13. O-O b4 14. Nb1 Qe7 15. Nd2 e5 16. dxe5 Nxe5 17. Nf3 dxc4 18. Bxe5 Bxe5 19. Nxe5 Qxe5 20. Qxc4 c5 21. Bf3 Ra7 22. Rac1 Rc8 23. Rfd1 a5 24. Qb5 Qc7 25. Rc2 Nd7 26. Bg4 f5 27. Bf3 Nf6 28. Rdc1 Qe7 29. Rxc5 Rd8 30. Re5 Qf8 31. Bd5+ Kh7 32. Rc4 Nxd5 33. Rxd5 Rb8 34. Rh4+ Kg8 35. Qc4 Qf7 36. Rhd4 Kh7 37. Qd3 Qf6 38. Rd6 Qe7 39. g3 Rc7 40. Rh4+ Kg8 41. Qd5+ 1-0

[Event "Reykjavik Open 2026"]
[Site "Reykjavik"]
[Date "2026.03.30"]
[Round "8.91"]
[White "Bombek, Peter"]
[Black "Koerner, Florian"]
[Result "1/2-1/2"]
[WhiteElo "2112"]
[WhiteFideId "14902230"]
[BlackElo "1891"]
[BlackFideId "34605525"]
[Variant "Standard"]

1. e4 g6 2. d4 Bg7 3. c4 e6 4. Nc3 Ne7 5. Bg5 h6 6. Be3 d5 7. Nf3 O-O 8. Qd2 dxe4 9. Nxe4 Nf5 10. Be2 Nxe3 11. fxe3 b6 12. O-O Bb7 13. Qd3 Na6 14. a3 c5 15. Rad1 Nc7 16. Ne1 Qe7 17. Bf3 Rfd8 18. Nc2 Rd7 19. Nc3 Bxf3 20. Rxf3 Rad8 21. Qe4 f5 22. Qd3 e5 23. Rg3 exd4 24. exd4 cxd4 25. Ne2 Qe4 26. Rxg6 Kh7 27. Rg3 Ne6 28. b4 Be5 29. Rf3 Rg7 30. Ng3 Qxd3 31. Rdxd3 Nf4 32. Rd1 d3 33. Ne3 Ne2+ 34. Nxe2 dxe2 35. Re1 Bd4 36. Rxe2 Re8 37. Kf1 Rge7 38. Nxf5 Rxe2 39. Nxd4 R2e4 40. Nb5 R8e7 41. Nd6 Re1+ 42. Kf2 R1e2+ 43. Kf1 Rd2 44. Nb5 Kg7 45. h3 a6 46. Nc3 Rf7 47. Rxf7+ Kxf7 48. Na4 Ra2 49. Nxb6 Rxa3 50. Ke2 Ke7 51. h4 h5 52. Nd5+ Kd6 53. Nf4 Rg3 54. Nxh5 Rxg2+ 55. Kd3 Ke5 56. b5 axb5 57. cxb5 Rg4 58. b6 Rxh4 59. b7 Rb4 60. Ng3 Rxb7 61. Ne2 Rd7+ 62. Ke3 Ra7 63. Kd3 Ra3+ 64. Nc3 Kf4 65. Kd4 Kf3 66. Kd3 Ra8 67. Kd4 Rc8 68. Nd5 Re8 69. Nc3 Re3 70. Nd5 Re4+ 71. Kd3 Ra4 72. Nc3 Ra3 73. Kd4 Rb3 74. Kd3 Kf4 75. Kd4 Ra3 76. Nd5+ Kf5 77. Ne3+ Ke6 78. Nc4 Rh3 79. Kc5 Rd3 80. Nb2 Rd5+ 81. Kc4 Rd8 82. Nd3 Kf5 83. Nc5 Ke5 84. Nd3+ Ke4 85. Nc5+ Ke3 86. Kc3 Rd1 87. Kc4 Rc1+ 88. Kd5 Rh1 89. Kc4 Rh4+ 90. Kd5 Rd4+ 91. Ke5 Rh4 1/2-1/2

[Event "Reykjavik Open 2026"]
[Site "Reykjavik"]
[Date "2026.03.30"]
[Round "8.92"]
[White "T`sas, Jan"]
[Black "Rutkowski, Feliks"]
[Result "1/2-1/2"]
[WhiteElo "1906"]
[WhiteFideId "204900"]
[BlackElo "2103"]
[BlackFideId "21064920"]
[Variant "Standard"]

1. e4 e5 2. Nf3 Nf6 3. d4 Nxe4 4. Bd3 d5 5. Nxe5 Nd7 6. Nxd7 Bxd7 7. O-O Bd6 8. c4 c6 9. Nc3 Nxc3 10. bxc3 O-O 11. c5 Bc7 12. Qh5 g6 13. Qh6 Qf6 14. Bg5 Qg7 15. Qh4 f5 16. Rfe1 Rae8 17. Bh6 Qf6 18. Rxe8 Bxe8 19. Bg5 Qe6 20. Kf1 Ba5 21. Re1 Qc8 22. Bd2 Bd8 23. Qg3 Qd7 24. Bf4 Bf7 25. Be5 Re8 26. h4 Qe7 27. h5 Qh4 28. hxg6 Bxg6 29. Qxh4 Bxh4 30. Rb1 Re7 31. a4 Rd7 32. Ke2 Kf7 33. Bb8 Re7+ 34. Kf1 a6 35. Bd6 Rd7 36. g3 1/2-1/2

[Event "Reykjavik Open 2026"]
[Site "Reykjavik"]
[Date "2026.03.30"]
[Round "8.93"]
[White "Quirke, Jeffrey"]
[Black "Karlinder, Lovis Neo"]
[Result "1-0"]
[WhiteElo "2075"]
[WhiteFideId "2013029"]
[BlackElo "1903"]
[BlackFideId "34664785"]
[Variant "Standard"]

1. d4 d5 2. Nf3 Nf6 3. e3 c5 4. dxc5 e6 5. b4 a5 6. c3 axb4 7. cxb4 b6 8. Bb5+ Bd7 9. Bxd7+ Nbxd7 10. a4 bxc5 11. b5 g5 12. Bb2 Bd6 13. O-O Qc7 14. g3 Rg8 15. Nfd2 h5 16. e4 h4 17. exd5 exd5 18. Re1+ Kf8 19. Qf3 g4 20. Qf5 Rg6 21. Nf1 hxg3 22. Nxg3 c4 23. Nc3 d4 24. Nd5 Qc5 25. Nxf6 Nxf6 26. Ba3 Qc7 27. Qf4 Rd8 28. Nf5 Ne8 29. Nxd6 Nxd6 30. Qxd4 Kg8 31. Bb2 f6 32. b6 Qc6 33. Re6 1-0

[Event "Reykjavik Open 2026"]
[Site "Reykjavik"]
[Date "2026.03.30"]
[Round "8.94"]
[White "Leosson, Haukur Vidis"]
[Black "Hardarson, Jon Trausti"]
[Result "0-1"]
[WhiteElo "1893"]
[WhiteFideId "2325780"]
[BlackElo "2071"]
[BlackFideId "2302594"]
[Variant "Standard"]

1. d4 d5 2. c4 dxc4 3. Nf3 c5 4. e3 cxd4 5. exd4 Be6 6. Nc3 Nf6 7. Ne5 g6 8. Qa4+ Nbd7 9. d5 Nxd5 10. Bxc4 Qc7 11. Nxd7 Bxd7 12. Qb3 Qe5+ 13. Kf1 Nxc3 14. Bxf7+ Kd8 15. Qxc3 Qxc3 16. bxc3 Bg7 17. Bd5 Bb5+ 18. Kg1 Bxc3 19. Rb1 Bc6 20. Bxc6 bxc6 21. g3 e5 22. Bg5+ Kc7 23. Kg2 Rab8 24. Rhc1 Bd4 25. g4 Rxb1 26. Rxb1 Rf8 27. f3 c5 28. Rc1 Kc6 29. a4 Rb8 30. Kg3 Rb2 31. Bf6 Be3 32. Rh1 Bf4+ 33. Kh3 c4 34. Bh4 c3 35. Bg3 c2 36. Bxf4 exf4 37. Rc1 Kc5 38. g5 Kd4 39. Kg4 Kd3 40. Kxf4 Kd2 0-1

[Event "Reykjavik Open 2026"]
[Site "Reykjavik"]
[Date "2026.03.30"]
[Round "8.95"]
[White "Kolka, David"]
[Black "Pollitt, Henry"]
[Result "0-1"]
[WhiteElo "2069"]
[WhiteFideId "2308010"]
[BlackElo "1864"]
[BlackFideId "2644916"]
[Variant "Standard"]

1. e4 c5 2. c3 Nf6 3. e5 Nd5 4. Nf3 Nc6 5. Bc4 Nb6 6. Bb3 d5 7. exd6 Qxd6 8. O-O Be6 9. Bxe6 Qxe6 10. Re1 Qd7 11. a4 e6 12. a5 Nd5 13. a6 b6 14. d4 cxd4 15. Nxd4 Be7 16. Nb5 Rd8 17. N1a3 Bxa3 18. Rxa3 O-O 19. Qg4 Nf6 20. Qe2 Qd3 21. Qxd3 Rxd3 22. Kf1 h6 23. Be3 Rd7 24. Raa1 Rfd8 25. h3 Nd5 26. Bd4 Nc7 27. Nxa7 Nxa7 28. Bxb6 Ra8 29. Bc5 Nc6 30. a7 Nb5 31. Ra6 Rc7 32. Be3 Ne7 33. f3 Nd5 34. Bf2 Kf8 35. Ra5 Nd6 36. Rea1 Ke7 37. g3 Kd7 38. R1a4 Rb7 39. c4 Ne7 40. c5 Ndc8 41. b4 Nc6 42. b5 Nxa5 43. Rxa5 Rbxa7 44. c6+ Kc7 45. Bxa7 Rxa7 46. b6+ Kxb6 47. Re5 Kxc6 48. g4 Ra2 49. h4 Nb6 50. Re4 Nd5 51. f4 Kd6 52. f5 exf5 53. gxf5 Rb2 54. Kg1 Rb4 55. Re2 Rxh4 56. Rg2 Rh5 57. Rxg7 Rg5+ 58. Rxg5 hxg5 { White resigned. } 0-1

[Event "Reykjavik Open 2026"]
[Site "Reykjavik"]
[Date "2026.03.30"]
[Round "8.96"]
[White "Bajnath, Dhanesh"]
[Black "Patel, Zain"]
[Result "0-1"]
[WhiteElo "1889"]
[WhiteFideId "40104842"]
[BlackElo "2062"]
[BlackFideId "469246"]
[Variant "Standard"]

1. e4 c6 2. d4 d5 3. e5 c5 4. dxc5 e6 5. a3 Bxc5 6. b4 Bb6 7. Bb2 Ne7 8. Nf3 Ng6 9. h4 h5 10. g3 a5 11. Bd3 axb4 12. axb4 Rxa1 13. Bxa1 Qc7 14. O-O Nc6 15. Qe1 O-O 16. Na3 Qe7 17. c3 Bc7 18. Qe2 Ncxe5 19. Bb1 Ng4 20. Nb5 Bb6 21. Nh2 e5 22. Kg2 Nxh4+ 23. gxh4 Qxh4 24. Nf3 Qe7 25. Bb2 e4 26. Nfd4 h4 27. Kh1 Ne5 28. Bc1 h3 29. Kg1 Bg4 30. Qe3 Nf3+ { White resigned. } 0-1

[Event "Reykjavik Open 2026"]
[Site "Reykjavik"]
[Date "2026.03.30"]
[Round "8.97"]
[White "Hermannsson, Sigurbjorn"]
[Black "Brackmann, Hendrik"]
[Result "1/2-1/2"]
[WhiteElo "1887"]
[WhiteFideId "2325128"]
[BlackElo "2060"]
[BlackFideId "12905135"]
[Variant "Standard"]

1. e4 e6 2. d4 d5 3. Nd2 c5 4. exd5 Qxd5 5. Ngf3 cxd4 6. Bc4 Qd6 7. Nb3 Qb4+ 8. Nbd2 Nc6 9. O-O Nf6 10. a3 Qb6 11. Nb3 Bc5 12. Bg5 O-O 13. Qd3 Nd7 14. Rfe1 e5 15. Re4 Kh8 16. Rh4 f5 17. Nfd2 Nf6 18. Qh3 f4 19. Qd3 e4 20. Nxe4 Nxe4 21. Qxe4 Bf5 22. Qd5 Be7 23. Bxe7 Nxe7 24. Qxd4 Ng6 25. Rh5 Bxc2 26. Qxb6 axb6 27. Nd4 Be4 28. Re1 Bc6 29. Re6 Rfe8 30. f3 Rxe6 31. Nxe6 Ra5 32. Rxa5 bxa5 33. Ba2 Ne5 34. Nxf4 g5 35. Ne6 h6 36. Nd4 Nd3 37. b3 Bd5 38. Bb1 Nc5 39. b4 axb4 40. axb4 Na4 41. Nf5 h5 42. Ng3 Bc4 43. Nxh5 Nc3 44. Be4 b5 45. Nf6 Kg7 46. Nd7 Na2 47. Ne5 Nxb4 48. Nxc4 bxc4 49. Kf2 Kf6 50. Ke3 Ke5 51. g3 c3 52. f4+ gxf4+ 53. gxf4+ Kf6 54. h3 Nd5+ 55. Bxd5 c2 56. Kd2 Kf5 57. h4 Kxf4 58. Be6 Ke5 1/2-1/2